[Event "BRA-ch U18"]
[Site "Aracaju"]
[Date "2024.05.22"]
[Round "2"]
[White "Guerreiro, Gustavo Lohan Matos"]
[Black "Silverio, Vitor Luis de Jesus"]
[Result "0-1"]
[WhiteElo "1825"]
[BlackElo "1951"]
[PlyCount "70"]
[EventDate "2024.05.22"]
[EventType "swiss"]
[EventRounds "6"]
[EventCountry "BRA"]
[SourceTitle "CBM 220 Extra"]
[Source "ChessBase"]
[SourceDate "2024.07.31"]
[SourceVersion "1"]
[SourceVersionDate "2024.07.31"]
[SourceQuality "1"]

1. e4 c5 2. c3 Nf6 3. e5 Nd5 4. d4 cxd4 5. cxd4 Nc6 6. Nf3 d6 7. Bb5 Qa5+ 8. Nc3 Nxc3 9. Bxc6+ bxc6 10. bxc3 Qxc3+ 11. Bd2 Qd3 12. exd6 exd6 13. Qe2+ Qxe2+ 14. Kxe2 Bf5 15. Rhe1 Be7 16. Bf4 Kd7 17. Kf1 Rab8 18. Rac1 h6 19. d5 c5 20. Rxc5 dxc5 21. Ne5+ Ke8 22. d6 Bxd6 23. Nc4+ Kd7 24. Nxd6 Bd3+ 25. Kg1 Rb1 26. Rxb1 Bxb1 27. Nxf7 Rf8 28. Ne5+ Ke6 29. Bg3 Bxa2 30. Nd3 c4 31. Nc5+ Kd5 32. Na6 Kd4 33. f3 c3 34. Nb4 Bb3 35. Nc6+ Kd3 0-1